Business One: One: Teacher's book advanced
Sách dành cho giáo viên. Cung cấp đáp án và giải thích cho các hoạt động trong sách sinh viên.
Đã lưu trong:
| Định dạng: | Sách |
|---|---|
| Năm xuất bản: |
Anh
Oxford University
2008
|
| Chủ đề: | |
| Tags: |
Thêm thẻ
Không có thẻ, Hãy là người đầu tiên gắn thẻ bản ghi này!
|
| LEADER | 00731nam a2200181 4500 | ||
|---|---|---|---|
| 999 | |c 4418 |d 4418 | ||
| 082 | |a 428.0071 |b B500S | ||
| 100 | |a | ||
| 245 | |a Business One: One: Teacher's book advanced |c Rachel Appleeby, John Bradky, Nina Leeke, Jim Scrivener | ||
| 260 | |a Anh |b Oxford University |c 2008 | ||
| 300 | |a 47 tr. |c 30 cm | ||
| 520 | |a Sách dành cho giáo viên. Cung cấp đáp án và giải thích cho các hoạt động trong sách sinh viên. | ||
| 653 | |a Ngôn ngữ | ||
| 653 | |a Tiếng Anh | ||
| 653 | |a Thương mại | ||
| 653 | |a Sách giáo viên | ||
| 942 | |2 ddc |c SH | ||
| 952 | |0 0 |1 0 |2 ddc |4 0 |6 428_007100000000000_B500S |7 0 |8 400 |9 43547 |a qbu |b qbu |c D4 |d 2014-12-19 |g 215000 |o 428.0071 B500S |p 2767.c1 |r 0000-00-00 |w 2014-12-19 |y SH | ||